[Event "Challenge"]
[Site "http://www.queenalice.com/game.php?id=79653"]
[Date "2006.6.23"]
[Round "-"]
[White "Lucas12"]
[Black "Ayesha"]
[Result "1-0"]
[WhiteElo "1570"]
[BlackElo "1310"]

1. e4 e5 2. Qf3 Nf6 3. Bc4 Nc6 4. Nh3 Nd4 5. Qc3 Nxe4 6. Qe3 Qf6 7. Qxe4 Qd6 8.
b3 h5 9. Nc3 g6 10. Ng5 Bh6 11. Nxf7 Bg7 12. a4 Rf8 13. Ba3 Rxf7 14. Bxf7+ Kxf7
15. Bxd6 cxd6 16. Nd5 Nxc2+ 17. Qxc2 b6 18. Nc7 Rb8 19. Qc4+ Kf6 20. O-O Bb7 21.
f4 exf4 22. Rxf4+ 1-0

[Event "PLAY ++"]
[Site "http://www.queenalice.com/game.php?id=82580"]
[Date "2006.7.4"]
[Round "-"]
[White "bruno_santiago"]
[Black "Ayesha"]
[Result "1-0"]
[WhiteElo "1681"]
[BlackElo "1295"]

1. Nf3 h5 2. e4 a5 3. Bc4 Nc6 4. d4 Nf6 5. d5 Nb4 6. e5 Nfxd5 7. Bxd5 Nxd5 8.
Qxd5 e6 9. Qd3 Bb4+ 10. c3 d5 11. cxb4 axb4 12. O-O c5 13. Qb5+ Kf8 14. Qxc5+
Qe7 15. Qd4 Ra5 16. Bd2 b6 17. Qxb6 Ra8 18. Bxb4 Ra4 19. Qd8# 1-0

[Event "Let's Play Chess!"]
[Site "http://www.queenalice.com/game.php?id=82605"]
[Date "2006.7.4"]
[Round "-"]
[White "ak_9105"]
[Black "Ayesha"]
[Result "1-0"]
[WhiteElo "1776"]
[BlackElo "1325"]

1. e4 a5 2. d4 h5 3. Be2 e6 4. Bxh5 Nf6 5. Bg5 Rxh5 6. Bxf6 Qxf6 7. Qxh5 Qh6 8.
Qxh6 gxh6 9. Nc3 Ra6 10. Nf3 Nc6 11. Nb5 e5 12. Nxc7+ Kd8 13. Nxa6 Bb4+ 14. Nxb4
axb4 15. dxe5 b5 16. O-O-O b3 17. axb3 1-0

[Event "AUTO-OPEN-313"]
[Site "http://www.queenalice.com/game.php?id=82652"]
[Date "2006.7.5"]
[Round "1"]
[White "FabioSelinger"]
[Black "Ayesha"]
[Result "1-0"]
[WhiteElo "1714"]
[BlackElo "1289"]

1. e4 e5 2. Nf3 a5 3. Bc4 Nf6 4. Nc3 Bb4 5. d3 O-O 6. Bd2 Nc6 7. O-O Nd4 8. Nxe5
d6 9. Ne2 Nxe2+ 10. Qxe2 dxe5 11. Bxb4 axb4 12. f4 exf4 13. Rxf4 c6 14. Raf1
Rxa2 15. Bxa2 Qb6+ 16. Kh1 Bg4 17. Qe1 Qd4 18. Bb3 b6 19. e5 Qxb2 20. exf6 gxf6
21. Rxg4+ Kh8 22. Qe7 1-0

[Event "AUTO-OPEN-313"]
[Site "http://www.queenalice.com/game.php?id=82653"]
[Date "2006.7.5"]
[Round "1"]
[White "Ayesha"]
[Black "FabioSelinger"]
[Result "0-1"]
[WhiteElo "1295"]
[BlackElo "1731"]

1. e4 e5 2. a4 Nf6 3. Be2 Bc5 4. Nf3 Nc6 5. Bb5 d6 6. d3 Bd7 7. Nc3 a6 8. Ng5
axb5 9. Be3 Bxe3 10. fxe3 Ng4 11. Nd5 O-O 12. h3 Qxg5 13. Nxc7 Nxe3 14. Qe2 Nd4
15. Nxa8 Nxe2 16. h4 Qg3+ 17. Kd2 Nd4 18. Rh3 Qf2+ 0-1

[Event "AUTO-OPEN-313"]
[Site "http://www.queenalice.com/game.php?id=82680"]
[Date "2006.7.5"]
[Round "1"]
[White "li2carpio"]
[Black "Ayesha"]
[Result "1-0"]
[WhiteElo "1801"]
[BlackElo "1293"]

1. e4 e5 2. Bc4 Nf6 3. d3 Nc6 4. Nf3 Nd4 5. Nxe5 Bb4+ 6. c3 Nc6 7. Nxf7 Qe7 8.
Nxh8 Ng4 9. Bf7+ Qxf7 10. Nxf7 Kxf7 11. Qxg4 Ne5 12. Qf5+ Kg8 13. Qxe5 d6 14.
Qe8# 1-0

[Event "AUTO-OPEN-313"]
[Site "http://www.queenalice.com/game.php?id=82681"]
[Date "2006.7.5"]
[Round "1"]
[White "Ayesha"]
[Black "li2carpio"]
[Result "0-1"]
[WhiteElo "1291"]
[BlackElo "1886"]

1. e4 c5 2. Be2 Nc6 3. d3 d6 4. h3 g6 5. Nc3 Bg7 6. Bg4 Nf6 7. Nb5 a6 8. Nxd6+
exd6 9. Nf3 O-O 10. Ng5 h6 11. Nxf7 Rxf7 12. f3 Nh5 13. Bxh5 gxh5 14. Bf4 Rxf4
15. g3 Rf7 0-1

[Event "AUTO-OPEN-313"]
[Site "http://www.queenalice.com/game.php?id=82700"]
[Date "2006.7.5"]
[Round "1"]
[White "Ayesha"]
[Black "socioa22"]
[Result "0-1"]
[WhiteElo "1287"]
[BlackElo "1530"]

1. e4 e5 2. Bc4 Nf6 3. Nf3 Nc6 4. d3 Bc5 5. Nc3 d6 6. Bg5 h6 7. Bh4 Be6 8. Nd5
Bxd5 9. exd5 Nd4 10. Nxd4 Bxd4 11. c3 Bb6 12. Qf3 O-O 13. a4 a5 0-1

[Event "AUTO-OPEN-313"]
[Site "http://www.queenalice.com/game.php?id=82701"]
[Date "2006.7.5"]
[Round "1"]
[White "socioa22"]
[Black "Ayesha"]
[Result "1-0"]
[WhiteElo "1521"]
[BlackElo "1287"]

1. e4 e5 2. Nf3 d6 3. Nc3 Be6 4. Be2 Nc6 5. O-O Bg4 6. d3 Nf6 7. Bg5 Nb4 8. a3
Nc6 9. h3 Bxh3 10. gxh3 h6 11. Bh4 Nh5 12. Bxd8 Nxd8 13. Nd5 Nc6 14. Nxc7+ Kd8
15. Nxa8 1-0

[Event "AUTO-INT-108"]
[Site "http://www.queenalice.com/game.php?id=82840"]
[Date "2006.7.5"]
[Round "1"]
[White "chemy204"]
[Black "Ayesha"]
[Result "1-0"]
[WhiteElo "1387"]
[BlackElo "1328"]

1. e4 e5 2. Nf3 a5 3. Nxe5 Nf6 4. Nc3 Bd6 5. Nf3 Rf8 6. a3 h5 7. e5 Bc5 8. exf6
gxf6 9. d4 Bd6 10. Qe2+ Qe7 11. Nb5 Nc6 12. d5 Na7 13. Nxd6+ cxd6 14. Qxe7+ Kxe7
15. g3 Nb5 16. Bxb5 a4 17. Bd2 Rg8 18. O-O-O Rg5 19. Rhe1+ 1-0

[Event "AUTO-INT-108"]
[Site "http://www.queenalice.com/game.php?id=82841"]
[Date "2006.7.5"]
[Round "1"]
[White "Ayesha"]
[Black "chemy204"]
[Result "0-1"]
[WhiteElo "1328"]
[BlackElo "1349"]

1. e4 e5 2. a4 Nf6 3. d3 Nc6 4. Nf3 h6 5. Bf4 exf4 6. d4 Nxe4 7. Bd3 Bb4+ 8. c3
Qe7 9. Bxe4 Qxe4+ 10. Qe2 Qxe2+ 11. Kxe2 Bd6 12. Na3 Bxa3 13. Rxa3 O-O 14. g3
Re8+ 15. Ne5 Nxe5 16. gxf4 Nc4+ 17. Kd3 Nxa3 18. h4 d5 0-1

[Event "AUTO-INT-108"]
[Site "http://www.queenalice.com/game.php?id=82861"]
[Date "2006.7.5"]
[Round "1"]
[White "Lucas12"]
[Black "Ayesha"]
[Result "1-0"]
[WhiteElo "1585"]
[BlackElo "1277"]

1. e3 e5 2. Qf3 h5 3. Bc4 Nf6 4. Nh3 d5 5. Bb5+ Nc6 6. b3 a6 7. Bd3 Bg4 8. Qg3
Nb4 9. a3 Nxd3+ 10. cxd3 h4 11. Qxh4 Rxh4 12. Ng5 a5 13. g3 Rh5 14. h3 Bxh3 15.
Nxh3 1-0

[Event "AUTO-ADV-198"]
[Site "http://www.queenalice.com/game.php?id=83034"]
[Date "2006.7.6"]
[Round "1"]
[White "Ayesha"]
[Black "rojen12"]
[Result "0-1"]
[WhiteElo "1282"]
[BlackElo "1568"]

1. e4 d5 2. Nc3 Nf6 3. exd5 Nxd5 4. Nxd5 Qxd5 5. Nf3 Bg4 6. d4 Nc6 7. h3 Bxf3 8.
Qxf3 Qxf3 9. gxf3 O-O-O 10. a4 e6 11. f4 Rxd4 12. h4 Nb4 13. Ra3 Nxc2+ 14. Ke2
Nxa3 15. bxa3 Rxa4 16. Rh3 Bc5 0-1

[Event "AUTO-ADV-198"]
[Site "http://www.queenalice.com/game.php?id=83035"]
[Date "2006.7.6"]
[Round "1"]
[White "rojen12"]
[Black "Ayesha"]
[Result "1-0"]
[WhiteElo "1563"]
[BlackElo "1287"]

1. d4 d6 2. e4 Nf6 3. Bd3 Nc6 4. Nf3 e5 5. d5 Nd4 6. Nxd4 exd4 7. b3 Bg4 8. f3
Bd7 9. Bb2 c5 10. c4 Qa5+ 11. Nd2 Nh5 12. g3 Be7 13. f4 O-O 14. a4 Nf6 15. e5
dxe5 16. fxe5 Ng4 17. Qe2 1-0

[Event "AUTO-ADV-198"]
[Site "http://www.queenalice.com/game.php?id=83036"]
[Date "2006.7.6"]
[Round "1"]
[White "Ayesha"]
[Black "jocachess"]
[Result "0-1"]
[WhiteElo "1318"]
[BlackElo "1474"]

1. e4 e5 2. Nf3 Nc6 3. d3 Nf6 4. a4 Bc5 5. Nc3 Nd4 6. Nxe5 O-O 7. h4 d6 8. Nc4
Be6 9. Be3 Re8 10. e5 Nd5 11. Nxd6 cxd6 12. exd6 Qxd6 13. Nb5 Nxb5 14. axb5 Nxe3
15. fxe3 Qg3+ 16. Kd2 Qxe3+ 0-1

[Event "AUTO-ADV-198"]
[Site "http://www.queenalice.com/game.php?id=83037"]
[Date "2006.7.6"]
[Round "1"]
[White "jocachess"]
[Black "Ayesha"]
[Result "1-0"]
[WhiteElo "1485"]
[BlackElo "1304"]

1. e4 e5 2. Nf3 d6 3. Nc3 Nf6 4. Bc4 Nxe4 5. Nxe4 Bf5 6. d3 Nc6 7. O-O Be7 8.
Re1 d5 9. Bb3 dxe4 10. Nxe5 Nxe5 11. dxe4 Bxe4 12. Bf4 Ng4 13. Qxg4 O-O 14. Rxe4
Bd6 15. Be3 a5 16. Rd1 Qf6 17. Bd4 Qh6 18. h3 a4 19. Bc4 Rae8 20. Rxe8 Rxe8 21.
Qf5 Bh2+ 22. Kxh2 Qh4 23. Qxf7+ 1-0

[Event "Challenge"]
[Site "http://www.queenalice.com/game.php?id=87605"]
[Date "2006.7.19"]
[Round "-"]
[White "Croftsy"]
[Black "Ayesha"]
[Result "1-0"]
[WhiteElo "1582"]
[BlackElo "1273"]

1. d4 d5 2. Nc3 a5 3. e4 dxe4 4. Nxe4 Nc6 5. Nf3 Nf6 6. Nxf6+ exf6 7. Be3 b6 8.
Bd3 Nb4 9. O-O Ba6 10. a3 Nxd3 11. cxd3 Bd6 12. Re1 O-O 13. Bd2 1-0